000 00479cam a2200193ua 4500
020 _c8.4
041 _aeng
_h
082 _a338.9
_bBAU/EC
100 _aBaver, P T .
245 _aEconomics of under-developed countries /
_cP T Baver.
_hTextual Documents
250 _a1 /
_b.
260 _aCambridge :
_bCambridge University Press ,
_c1960.
300 _a271 ; .
365 _a8.4
504 _a
700 1 _aYamey, B S .
942 _cBK
999 _c11412
_d11412